[Event "Pamplona op"]
[Site "Pamplona"]
[Date "2008.12.23"]
[Round "2"]
[White "Navarro Cia, Miguel"]
[Black "Garjon Modrego, Miguel"]
[Result "1-0"]
[WhiteElo "2318"]
[BlackElo "1947"]
[PlyCount "61"]
[EventDate "2008.12.22"]
[EventType "swiss"]
[EventRounds "9"]
[EventCountry "ESP"]
[SourceTitle "CBM 127 Extra"]
[Source "ChessBase"]
[SourceDate "2009.01.08"]
[SourceVersion "2"]
[SourceVersionDate "2009.01.28"]
[SourceQuality "1"]

1. e4 d5 2. exd5 Qxd5 3. Nc3 Qd8 4. d4 Nf6 5. Bc4 Bg4 6. f3 Bh5 7. g4 Bg6 8. h4 h6 9. Nge2 e6 10. Nf4 Bh7 11. Be3 a6 12. Qd2 Be7 13. g5 Ng8 14. 0-0-0 hxg5 15. hxg5 Bxg5 16. Nxe6 Bxe3 17. Qxe3 fxe6 18. Qxe6+ Ne7 19. Qf7+ Kd7 20. Qxg7 b5 21. Bb3 Kc8 22. Rxh7 Rxh7 23. Qxh7 Kb7 24. Re1 Nc8 25. Bd5+ Ka7 26. Bxa8 Kxa8 27. Qe4+ Ka7 28. d5 Nd6 29. Qe7 Qc8 30. Ne4 Nf5 31. Qc5+ 1-0

[Event "Pamplona op"]
[Site "Pamplona"]
[Date "2007.12.29"]
[Round "9"]
[White "Navarro Cia, Miguel"]
[Black "Moreto Quintana, Alexandre"]
[Result "0-1"]
[WhiteElo "2359"]
[BlackElo "2121"]
[PlyCount "76"]
[EventDate "2007.12.22"]
[EventType "swiss"]
[EventRounds "9"]
[EventCountry "ESP"]
[SourceTitle "CBM 121 Extra"]
[Source "ChessBase"]
[SourceDate "2008.01.10"]
[SourceVersion "1"]
[SourceVersionDate "2008.01.10"]
[SourceQuality "1"]

1. d4 f5 2. e4 fxe4 3. Nc3 Nf6 4. Bg5 d6 5. h4 Bg4 6. Be2 Bf5 7. Nh3 Nbd7 8. g4 Be6 9. Be3 Nb6 10. g5 Nfd5 11. Nxe4 Qd7 12. Nf4 Nxf4 13. Bxf4 Bd5 14. Bd3 Nc4 15. Qh5+ Kd8 16. 0-0-0 Qf5 17. Qf3 e5 18. dxe5 Nxe5 19. Qe3 Nxd3+ 20. cxd3 Bxa2 21. Rhe1 Qd7 22. Qd4 d5 23. Nc3 Bb3 24. Rd2 a5 25. Rde2 Bb4 26. Bd2 c5 27. Qf4 c4 28. d4 a4 29. Nb1 Bd6 30. Qf3 c3 31. Bxc3 b5 32. Nd2 Ba2 33. b4 axb3 34. Kd1 Ba3 35. Re5 b2 36. Nb1 Rf8 37. Qg2 b4 38. Re7 Bb3+ 0-1

[Event "Pamplona op"]
[Site "Pamplona"]
[Date "2007.12.28"]
[Round "8"]
[White "Huerga Leache, Mikel"]
[Black "Navarro Cia, Miguel"]
[Result "1-0"]
[WhiteElo "2440"]
[BlackElo "2359"]
[PlyCount "59"]
[EventDate "2007.12.22"]
[EventType "swiss"]
[EventRounds "9"]
[EventCountry "ESP"]
[SourceTitle "CBM 121 Extra"]
[Source "ChessBase"]
[SourceDate "2008.01.10"]
[SourceVersion "1"]
[SourceVersionDate "2008.01.10"]
[SourceQuality "1"]

1. e4 e6 2. d4 d5 3. Nc3 Bb4 4. e5 c5 5. Bd2 Nh6 6. f4 Nf5 7. Nf3 cxd4 8. Nb5 Bc5 9. b4 Be7 10. Bd3 Nc6 11. a3 Qb6 12. a4 a6 13. a5 Qd8 14. Bxf5 axb5 15. Bd3 Bxb4 16. Bxb4 Nxb4 17. Nxd4 0-0 18. 0-0 Rxa5 19. Rxa5 Qxa5 20. Qe1 Bd7 21. f5 exf5 22. Bxf5 Bxf5 23. Nxf5 Nc6 24. Qg3 g6 25. Qg5 Qb6+ 26. Kh1 Qd8 27. Qh6 gxf5 28. Rxf5 f6 29. exf6 Kh8 30. Qg7# 1-0